000 00409nam a2200133Ia 4500
008 151001s9999||||xx |||||||||||||| ||und||
100 _aसुभाष मुखोपाध्याय
245 _aचाहे जितनी दूर जाऊॅ
250 _a1
260 _bसाहित्य अकादेमी मुंबई
260 _c1996
300 _a79
365 _b21
999 _c986085
_d986082